000 01227nam0a2200337 i 4500
001 RU\NLR\BIBL_A\011507874
005 20240921190256.0
010 _a9785179827634
_96000
021 _aRU
_b2017-71804
_95112
035 _a(RuMoRGB)009402208
035 _a(NLR Aleph) 011507874
090 _a12029584
_c12029584
100 _a20171026d2017 c y0rusy50 ca
101 1 _arus
_ceng
102 _aRU
105 _a |||z|||000ay
200 1 _aМой маленький пони
_eофициальная новеллизация
_e[для младшего школьного возраста]
_fДж.М. Бэрроу
_gперевод с английского Алисы Чечиной
210 _aМосква
_cАСТ
_d2017
215 _a154, [4] с.
_cил.
_d21
225 1 _aМой маленький пони
225 1 _aMy little pony
_iThe Movie
333 _a0+
686 _aШ9(2)70(4Вл)
_2rubbk
686 0 _aШ9(7США)60-4
700 1 _7ca
_8rus
_aБэрроу
_bД. М.
_gДжиллиан М.
_9161372
_3RU\NLR\AUTH\770161416
942 _cBOOK
980 _aNBR